Релаксация первичной радиационной дефектности в кристаллах фторидов лития и магния: диссертация на соискание ученой степени кандидата физико-математических наук; Спец. 01.04.07

Bibliografiske detaljer
Hovedforfatter: Гречкина Т. В. Татьяна Валерьевна
Institution som forfatter: Томский политехнический университет
Andre forfattere: Лисицын В. М. Виктор Михайлович (научный руководитель)
Sprog:russisk
Udgivet: Томск, 2004
Fag:
Format: Bog
KOHA link:https://koha.lib.tpu.ru/cgi-bin/koha/opac-detail.pl?biblionumber=60972

MARC

LEADER 00000nbm0a2200000 4500
001 60972
005 20240205140005.0
035 |a (RuTPU)RU\TPU\book\64480 
090 |a 60972 
100 |a 20040225j20040204k y0rusy50 ca 
101 0 |a rus 
102 |a RU 
105 |a a m 001zy 
200 1 |a Релаксация первичной радиационной дефектности в кристаллах фторидов лития и магния  |e диссертация на соискание ученой степени кандидата физико-математических наук  |e Спец. 01.04.07  |f Т. В. Гречкина  |g Томский политехнический университет ; науч. рук. В. М. Лисицын 
210 |a Томск  |d 2004 
215 |a 141 л.  |c ил. 
320 |a Библиогр.: с. 130-141 (117 назв.) 
606 1 |a Кристаллы  |x Дефекты  |x (кристаллография)  |2 stltpush  |3 (RuTPU)RU\TPU\subj\68763  |9 83924 
610 1 |a кристаллография 
610 1 |a ионные кристаллы 
610 1 |a радиационная дефектность 
610 1 |a эксперименты 
610 1 |a люминесценция 
610 1 |a фторид лития 
610 1 |a фторид магния 
610 1 |a автолокализованные экситоны 
610 1 |a дефектообразование 
610 1 |a первичные процессы 
610 1 |a энергия 
610 1 |a диссипация 
610 1 |a диссертации 
610 1 |a труды учёных ТПУ 
675 |a 548.4(04)  |v 3 
686 |a 01.04.07  |2 oksvnk 
700 1 |a Гречкина  |b Т. В.  |c специалист в области светотехники  |c доцент Томского политехнического университета, кандидат физико-математических наук  |f 1977-  |g Татьяна Валерьевна  |9 12777 
702 1 |a Лисицын  |b В. М.  |c физик  |c профессор Томского политехнического университета, кандидат физико-математических наук  |f 1939-  |g Виктор Михайлович  |3 (RuTPU)RU\TPU\pers\10510  |4 727  |9 2237 
712 0 2 |a Томский политехнический университет  |3 (RuTPU)RU\TPU\col\376 
801 1 |a RU  |b 63413507  |c 20040225  |g PSBO 
801 2 |a RU  |b 63413507  |c 20230628  |g PSBO 
942 |c BK